| 000 | 00345nam a2200109Ia 4500 | ||
|---|---|---|---|
| 008 | 200302s9999 xx 000 0 und d | ||
| 100 | _aSusanne Knittel and Ammerschuber | ||
| 245 | _aArchitcture:The Element of Success Building Strategies and Business Objectives | ||
| 260 | _bBirkhauser Publisher for Architecture | ||
| 260 | _c2006 | ||
| 300 | _a179 | ||
| 999 |
_c3720 _d3720 |
||